Pascua Lama: conflicto armado a nuestras espaldas

Uloženo v:
Podrobná bibliografie
Hlavní autoři: Salinas, Bárbara (Autor), Karmy, Javier (Autor)
Médium: Kniha
Jazyk:španělština
Vydáno: Santiago Quimantú 2008
Edice:Música Ambiental
Témata:
Tagy: Přidat tag
Žádné tagy, Buďte první, kdo vytvoří štítek k tomuto záznamu!

MARC

LEADER 00000nam a2200000 a 4500
001 UCG0656
003 CL-VaPUC
008 100401e20080000CL |||||||||||||||||spa|d
082 0 4 |a 333.952  |b SAL  |2 21 
100 0 |a Salinas, Bárbara  |e author  |9 548123 
700 0 |a Karmy, Javier  |e author  |9 548124 
245 1 0 |a Pascua Lama: conflicto armado a nuestras espaldas 
300 |a 134 p 
942 |c BK 
945 |d 20100401 00:00:00  |a rbrito 
260 |a Santiago  |b Quimantú  |c 2008 
600 0 7 |a PASCUA LAMA  |2 CL-VaPUC  |9 548125 
650 0 |a Protección del medio ambiente  |9 257626 
650 0 |a Recursos hídricos  |9 346690 
650 0 |a Derechos de agua   |9 385039 
650 0 |a Aprovechamiento de aguas  |9 368432 
650 0 |a Recursos hídricos  |9 346690 
651 7 |a VALLE DEL HUASCO  |2 CL-VaPUC  |9 548126 
583 |a last modification  |c 20130325 06:24:11  |k Rodrigo Vera 
490 0 |a Música Ambiental 
999 |c 340215  |d 340213 
952 |0 0  |1 0  |4 0  |6 333_952000000000000_SAL_2008  |7 0  |8 A  |9 434766  |a BIBAGR  |b BIBAGR  |d 2019-11-22  |i 4657519  |o 333.952 SAL 2008  |p 4657519  |r 2025-01-20  |w 2019-11-22  |y BK  |k AGR